[Event "ITA-chT Final 56th"]
[Site "Darfo Boario Terme"]
[Date "2025.04.09"]
[Round "4.40"]
[White "Rotondaro, Alberto"]
[Black "Gorgoglione, Enrico"]
[Result "1-0"]
[WhiteElo "2074"]
[BlackElo "2050"]
[PlyCount "111"]
[EventDate "2025.04.07"]
[EventType "team-swiss"]
[EventRounds "9"]
[EventCountry "ITA"]
[SourceTitle "CB16_2025"]
[SourceDate "2025.04.16"]
[SourceVersion "1"]
[SourceVersionDate "2025.04.16"]
[SourceQuality "1"]
[WhiteTeam "Torino"]
[BlackTeam "Il Grifone D’Arzignano"]
[WhiteTeamCountry "ITA"]
[BlackTeamCountry "ITA"]

1. d4 Nf6 2. c4 a6 3. Nc3 c5 4. d5 b5 5. cxb5 axb5 6. Nxb5 g6 7. e3 d6 8. Nf3 Bg7 9. Be2 0-0 10. 0-0 Na6 11. Nc3 Nb4 12. e4 Bb7 13. a3 Na6 14. Bg5 h6 15. Bf4 g5 16. Bc1 Nc7 17. h4 g4 18. Nd2 Ba6 19. Bxa6 Rxa6 20. Nc4 Qd7 21. Ne3 h5 22. Nf5 Nxe4 23. Nxg7 Nxc3 24. Qd2 Ne2+ 25. Qxe2 Kxg7 26. Re1 e5 27. dxe6 Qxe6 28. Qd1 Qg6 29. Bg5 Kh7 30. b4 Ne6 31. Be3 Rd8 32. b5 Rb6 33. a4 d5 34. Qb1 Rdb8 35. Qc1 d4 36. Bf4 Rc8 37. Rb1 Ra8 38. Ra1 Qf5 39. Bg3 f6 40. Qc4 Ng7 41. a5 Rb7 42. a6 Rb6 43. Bc7 Re6 44. b6 Rxe1+ 45. Rxe1 d3 46. b7 d2 47. Rf1 Re8 48. b8Q Re1 49. Qbg8+ Kh6 50. Qh8+ Kg6 51. Qd8 Qe6 52. Qcd3+ Nf5 53. Qxd2 Re2 54. Q2d7 Qa2 55. Qh8 Ne7 56. Qhe8+ 1-0

[Event "ITA-chT Final 56th"]
[Site "Darfo Boario Terme"]
[Date "2025.04.07"]
[Round "1.20"]
[White "Rotondaro, Alberto"]
[Black "Maldonado Gonzales, Stefano"]
[Result "1/2-1/2"]
[WhiteElo "2074"]
[BlackElo "2228"]
[PlyCount "57"]
[EventDate "2025.04.07"]
[EventType "team-swiss"]
[EventRounds "9"]
[EventCountry "ITA"]
[SourceTitle "CB16_2025"]
[SourceDate "2025.04.16"]
[SourceVersion "1"]
[SourceVersionDate "2025.04.16"]
[SourceQuality "1"]
[WhiteTeam "Torino"]
[BlackTeam "Costa Smeralda Arzachess"]
[WhiteTeamCountry "ITA"]
[BlackTeamCountry "ITA"]

1. d4 d5 2. c4 dxc4 3. e3 e5 4. Nf3 exd4 5. Qxd4 Qxd4 6. Nxd4 a6 7. Bxc4 Nf6 8. 0-0 Bd6 9. Nc3 0-0 10. Rd1 Rd8 11. a4 Bb4 12. Bd2 Nbd7 13. Be1 Ne5 14. Be2 Re8 15. Rac1 Bd7 16. b3 Rad8 17. Ne4 Nxe4 18. Bxb4 Rc8 19. Nf3 Nxf3+ 20. Bxf3 Bf5 21. h4 c6 22. g4 Bg6 23. Rd7 b5 24. Ra7 c5 25. h5 cxb4 26. Rxc8 Rxc8 27. hxg6 Nc3 28. gxf7+ Kf8 29. a5 1/2-1/2

[Event "Torino op 53rd"]
[Site "Torino"]
[Date "2024.01.02"]
[Round "1"]
[White "Rotondaro, Alberto"]
[Black "Bettalli, Francesco"]
[Result "0-1"]
[WhiteElo "2056"]
[BlackElo "2271"]
[PlyCount "82"]
[EventDate "2024.01.02"]
[EventType "swiss"]
[EventRounds "9"]
[EventCountry "ITA"]
[SourceTitle "CBM 218 Extra"]
[Source "ChessBase"]
[SourceDate "2024.03.31"]
[SourceVersion "1"]
[SourceVersionDate "2024.03.31"]
[SourceQuality "1"]

1. d4 Nf6 2. c4 d6 3. Nc3 e5 4. d5 Be7 5. e4 0-0 6. h3 Ne8 7. Nf3 g6 8. g4 Kh8 9. Bh6 Rg8 10. Be3 f5 11. gxf5 gxf5 12. exf5 Bxf5 13. Bd3 Ng7 14. Rg1 Qf8 15. Ng5 Nd7 16. Qc2 Bxd3 17. Qxd3 Nf5 18. 0-0-0 Bxg5 19. Bxg5 Nc5 20. Qf3 Rg6 21. Ne4 Nd4 22. Bf6+ Rxf6 23. Qxf6+ Qxf6 24. Nxf6 Ne2+ 25. Kb1 Nxg1 26. Rxg1 Rf8 27. Ng4 h5 28. Ne3 Rxf2 29. Rg5 Nd3 30. Rxh5+ Kg7 31. Rg5+ Kf6 32. Rg2 Rxg2 33. Nxg2 Nf4 34. Nxf4 exf4 35. Kc2 Kg5 36. Kd3 Kh4 37. Ke2 Kg3 38. Kf1 Kxh3 39. Kf2 Kg4 40. b4 b6 41. a4 a6 0-1

[Event "ITA-ch U18"]
[Site "Tarvisio"]
[Date "2023.07.04"]
[Round "3"]
[White "Gorgoni, Roberto Libero"]
[Black "Rotondaro, Alberto"]
[Result "1/2-1/2"]
[WhiteElo "1453"]
[BlackElo "2219"]
[PlyCount "112"]
[EventDate "2023.07.02"]
[EventType "swiss"]
[EventRounds "9"]
[EventCountry "ITA"]
[SourceTitle "EXT 2024"]
[Source "ChessBase"]
[SourceDate "2023.10.10"]
[SourceVersion "1"]
[SourceVersionDate "2023.10.10"]
[SourceQuality "1"]

1. e4 c5 2. Nc3 Nc6 3. Bb5 Nd4 4. Bc4 a6 5. a4 e6 6. f4 Nf6 7. e5 d5 8. Be2 Nd7 9. Nf3 b6 10. 0-0 Bb7 11. d3 Qc7 12. Qd2 Rc8 13. Nd1 Be7 14. b3 Nb8 15. Rb1 h5 16. c4 dxc4 17. bxc4 Nbc6 18. Nc3 Rd8 19. Ba3 Rd7 20. Qb2 Nxe2+ 21. Qxe2 h4 22. h3 0-0 23. Ne4 Nd4 24. Nxd4 Rxd4 25. Bb2 Rd7 26. Nf6+ Bxf6 27. exf6 g6 28. Qg4 Rfd8 29. Qxh4 Qd6 30. Be5 Qf8 31. Rxb6 Ba8 32. Rxa6 Rxd3 33. g4 Rd1 34. f5 R8d2 35. Rxd1 Rxd1+ 36. Kf2 Be4 37. fxe6 fxe6 38. f7+ Qxf7+ 39. Bf6 Qh7 40. Qxh7+ Kxh7 41. Rxe6 Bd3 42. Re7+ Kg8 43. Re1 Rxe1 44. Kxe1 Bxc4 45. Be7 Bb3 46. a5 c4 47. a6 Ba4 48. Bf6 Kf7 49. g5 Ke6 50. a7 Bc6 51. Ke2 Kd7 52. Bd4 Kc8 53. h4 Kb7 54. Ke3 Bd5 55. Kf4 Be6 56. Ke5 Bg4 1/2-1/2

[Event "ITA-chT GpB playoff 54th"]
[Site "Bacoli"]
[Date "2023.04.30"]
[Round "4"]
[White "Simoli, Sergio"]
[Black "Rotondaro, Alberto"]
[Result "0-1"]
[WhiteElo "2213"]
[BlackElo "2145"]
[PlyCount "114"]
[EventDate "2023.04.30"]
[EventType "team-tourn"]
[EventRounds "4"]
[EventCountry "ITA"]
[SourceTitle "CBM 213 Extra"]
[Source "ChessBase"]
[SourceDate "2023.05.31"]
[SourceVersion "1"]
[SourceVersionDate "2023.05.31"]
[SourceQuality "1"]
[WhiteTeam "Il Grifone Di Arzignano"]
[BlackTeam "Torino"]
[WhiteTeamCountry "ITA"]
[BlackTeamCountry "ITA"]

1. e4 c5 2. Nf3 d6 3. d4 cxd4 4. Nxd4 Nf6 5. Nc3 a6 6. Bc4 e5 7. Nf3 Be7 8. 0-0 0-0 9. h3 Be6 10. Bxe6 fxe6 11. Re1 Nc6 12. a4 Qc7 13. Be3 Rad8 14. Qe2 d5 15. exd5 exd5 16. Bc1 e4 17. Nd2 Nd4 18. Qd1 Qe5 19. Nf1 Bd6 20. Be3 Nf5 21. Bb6 Rc8 22. Qe2 Rfe8 23. a5 d4 24. Na4 Qd5 25. Rad1 Qc6 26. b3 Bb4 27. Bxd4 Nxd4 28. Rxd4 Bxe1 29. Qxe1 Qxc2 30. Nb6 Rcd8 31. Rc4 Qxb3 32. Rc7 Rd1 33. Qe2 Qd3 34. Qa2+ Kh8 35. Qf7 Rxf1+ 36. Kh2 Qd6+ 37. g3 Rg8 38. Kg2 Rb1 39. Nc4 Qd5 40. Ne3 Qxf7 41. Rxf7 Ra1 42. Nc4 h6 43. Rxb7 Rc8 44. Ne5 Rxa5 45. Nf7+ Kg8 46. Nd6 Rd8 47. Nc4 Ra2 48. g4 a5 49. Kg3 a4 50. h4 Rd3+ 51. Kf4 Rd8 52. g5 Rxf2+ 53. Ke5 hxg5 54. hxg5 Ng4+ 55. Ke6 e3 56. Nd6 e2 57. Rb1 Rf1 0-1

[Event "Imola op 3rd"]
[Site "Imola"]
[Date "2020.12.05"]
[Round "1"]
[White "Lumachi, Gabriele"]
[Black "Rotondaro, Alberto"]
[Result "1-0"]
[WhiteElo "2297"]
[BlackElo "1956"]
[PlyCount "51"]
[EventDate "2020.12.05"]
[EventType "swiss"]
[EventRounds "6"]
[EventCountry "ITA"]
[SourceTitle "CBM 199 Extra"]
[Source "ChessBase"]
[SourceDate "2021.01.31"]
[SourceVersion "1"]
[SourceVersionDate "2021.01.31"]
[SourceQuality "1"]

1. d4 d5 2. c4 e6 3. Nc3 Nf6 4. cxd5 exd5 5. Bg5 Be7 6. e3 c5 7. dxc5 Nc6 8. a3 a5 9. Rc1 0-0 10. Nf3 Be6 11. Na4 Ne4 12. Bxe7 Qxe7 13. Be2 Rad8 14. 0-0 Qf6 15. Nd4 Qg5 16. f4 Qg6 17. Bf3 f5 18. Nc3 Qf7 19. Ncb5 Qe7 20. Bxe4 dxe4 21. Nd6 Rd7 22. Qa4 Rb8 23. N4xf5 Qf6 24. Nd4 b5 25. Qd1 Nxd4 26. Qxd4 1-0

[Event "Bassano del Grappa op 11"]
[Site "Bassano del Grappa"]
[Date "2020.11.27"]
[Round "1"]
[White "Basso, Pier Luigi"]
[Black "Rotondaro, Alberto"]
[Result "1-0"]
[WhiteElo "2561"]
[BlackElo "1956"]
[PlyCount "57"]
[EventDate "2020.11.27"]
[EventType "swiss"]
[EventRounds "5"]
[EventCountry "ITA"]
[SourceTitle "CBM 199 Extra"]
[Source "ChessBase"]
[SourceDate "2021.01.31"]
[SourceVersion "1"]
[SourceVersionDate "2021.01.31"]
[SourceQuality "1"]

1. d4 d5 2. Nf3 c5 3. c4 e6 4. cxd5 exd5 5. Nc3 Nc6 6. dxc5 d4 7. Na4 Bxc5 8. Nxc5 Qa5+ 9. Bd2 Qxc5 10. e3 Qe7 11. Be2 dxe3 12. Bxe3 Nf6 13. Rc1 Ne4 14. 0-0 0-0 15. Re1 f5 16. Bb5 Rd8 17. Qa4 Be6 18. Bxc6 bxc6 19. Nd4 Bd7 20. Nxc6 Qf6 21. Qb3+ Be6 22. Qb7 Re8 23. f3 Nd6 24. Qb4 Nf7 25. Bd4 Qg5 26. f4 Qxf4 27. Ne7+ Rxe7 28. Qxe7 Qxd4+ 29. Kh1 1-0